La soledad en la sociedad norteamericana / (Record no. 144787)

MARC details
000 -LEADER
campo de control de longitud fija 00659nam a2200217 4500
001 - NÚMERO DE CONTROL
campo de control 144787
003 - IDENTIFICADOR DE NÚMERO DE CONTROL
campo de control ES-MaACL
005 - FECHA Y HORA DE LA ÚLTIMA TRANSACCIÓN
campo de control 20250905133306.0
007 - CAMPO FIJO DE DESCRIPCIÓN FÍSICA--INFORMACIÓN GENERAL
campo de control de longitud fija t|
008 - DATOS DE LONGITUD FIJA--INFORMACIÓN GENERAL
campo de control de longitud fija 070214s1978 sp r ||||1| spa d
100 1# - ENTRADA PRINCIPAL--NOMBRE DE PERSONA
Nombre de persona Slater, Philip.
9 (RLIN) 106772
245 13 - MENCIÓN DEL TÍTULO
Título La soledad en la sociedad norteamericana /
Mención de responsabilidad, etc. Philip Slater ; [traducción de Angela Pérez].
250 ## - MENCION DE EDICION
Mención de edición [1ª ed.].
260 ## - PUBLICACIÓN, DISTRIBUCIÓN, ETC.
Lugar de publicación, distribución, etc. Barcelona :
Nombre del editor, distribuidor, etc. Península,
Fecha de publicación, distribución, etc. 1978.
300 ## - DESCRIPCIÓN FÍSICA
Extensión 234 p. ;
Dimensiones 18 cm.
490 1# - MENCIÓN DE SERIE
Mención de serie Ediciones de bolsillo
700 1# - ENTRADA AGREGADA--NOMBRE PERSONAL
Nombre de persona Pérez Gómez, Ángela
9 (RLIN) 90555
830 0# - PUNTO DE ACCESO ADICIONAL DE SERIE-TÍTULO UNIFORME
Título uniforme Ediciones de bolsillo
9 (RLIN) 180756
852 ## - LOCALIZACIÓN
Ubicación ES-MaACL
Número de control de estantería L-8214
Sublocalización o colección R.109069
Holdings
Estatus retirado Estado de pérdida Estado de daño No para préstamo Biblioteca de origen Biblioteca actual Ubicación en estantería Fecha de adquisición Fuente de adquisición Total de préstamos Signatura topográfica completa Código de barras Visto por última vez Precio de reemplazo Tipo de ítem Koha
        Biblioteca del Ateneo de Madrid Biblioteca del Ateneo de Madrid Depósito 2 17/01/2008     L-8214 1151011 23/02/2023 23/02/2023 Libro impreso